Léopold Sédar Senghor / (Record no. 83773)

MARC details
000 -LEADER
campo de control de longitud fija 02681cam a2200625Ia 4500
001 - NÚMERO DE CONTROL
campo de control 100510
005 - FECHA Y HORA DE LA ÚLTIMA TRANSACCIÓN
campo de control 20230410132548.0
008 - DATOS DE LONGITUD FIJA--INFORMACIÓN GENERAL
campo de control de longitud fija 060404s2006 fr ac g bq 000 0dfre d
035 ## - NÚMERO DE CONTROL DEL SISTEMA
Número de control de sistema (OCoLC)ocm66373858
040 ## - FUENTE DE CATALOGACIÓN
Centro catalogador/agencia de origen AUXAM
Centro/agencia transcriptor AUXAM
Centro/agencia modificador TZT
-- UPM
-- NYP
-- IAY
-- TJC
-- LVB
-- OCLCG
-- CDN
-- HEBIS
-- PAU
019 ## -
-- 77558802
020 ## - NÚMERO INTERNACIONAL ESTÁNDAR DEL LIBRO
Número Internacional Estándar del Libro 2914935633 (pbk.)
020 ## - NÚMERO INTERNACIONAL ESTÁNDAR DEL LIBRO
Número Internacional Estándar del Libro 9782914935630 (pbk.)
029 0# - OTRO NÚMERO DE CONTROL DE SISTEMA (OCLC)
Identificador de la biblioteca OCLC AUXAM
Número de control de sistema AAL0348387-0001
029 1# - OTRO NÚMERO DE CONTROL DE SISTEMA (OCLC)
Identificador de la biblioteca OCLC TZT
Número de control de sistema JTL00179883
029 1# - OTRO NÚMERO DE CONTROL DE SISTEMA (OCLC)
Identificador de la biblioteca OCLC NZ1
Número de control de sistema 11680834
029 1# - OTRO NÚMERO DE CONTROL DE SISTEMA (OCLC)
Identificador de la biblioteca OCLC AU@
Número de control de sistema 000044048460
029 1# - OTRO NÚMERO DE CONTROL DE SISTEMA (OCLC)
Identificador de la biblioteca OCLC HEBIS
Número de control de sistema 177925205
029 1# - OTRO NÚMERO DE CONTROL DE SISTEMA (OCLC)
Identificador de la biblioteca OCLC GEBAY
Número de control de sistema 9404394
035 ## - NÚMERO DE CONTROL DEL SISTEMA
Número de control de sistema (OCoLC)66373858
Número de control cancelado/no válido (OCoLC)77558802
037 ## - FUENTE DE ADQUISICIÓN
Número de adquisición 9782914935630
049 ## - FONDOS LOCALES (OCLC)
Biblioteca depositaria GRAL
050 14 - SIGNATURA TOPOGRÁFICA DE LA BIBLIOTECA DEL CONGRESO
Número de clasificación PQ3989.S47
Número de ítem B894l 2006
100 1# - ENTRADA PRINCIPAL--NOMBRE DE PERSONA
Nombre de persona Brunel, Pierre.
245 10 - MENCIÓN DEL TÍTULO
Título Léopold Sédar Senghor /
Mención de responsabilidad, etc. Pierre Brunel, Jean-Rene Bourrel, Frederic Giguet.
260 ## - PUBLICACIÓN, DISTRIBUCIÓN, ETC.
Lugar de publicación, distribución, etc. Paris :
Nombre del editor, distribuidor, etc. Adpf,
Fecha de publicación, distribución, etc. c2006.
300 ## - DESCRIPCIÓN FÍSICA
Extensión 84, [36] p. :
Otras características físicas ill. (some col.), ports. ;
Dimensiones 25 cm.
490 1# - MENCIÓN DE SERIE
Mención de serie Auteurs
500 ## - NOTA GENERAL
Nota general Cover title.
500 ## - NOTA GENERAL
Nota general At head of title: ADPF, Ministere des affaires etrangeres.
504 ## - NOTA DE BIBLIOGRAFÍA, ETC.
Nota de bibliografía, etc. Includes bibliographical references and filmography.
505 00 - NOTA DE CONTENIDO CON FORMATO
Título Paradis, mon enfance africaine, ou Le royaume d'enfance /
Mención de responsabilidad Pierre Brunel -- La
Título negritude ou le "soleil de l'ame" /
Mención de responsabilidad Jean-Rene Bourrel --
Título Edifier la seule civilisation qui soit humaine: la civilisation de l'Universel /
Mención de responsabilidad Frederic Giguet -- Un
Título humanisme pour le XXIe siecle /
Mención de responsabilidad Jean-Rene Bourrel.
600 10 - PUNTO DE ACCESO ADICIONAL DE MATERIA--NOMBRE DE PERSONA
Nombre de persona Senghor, Leopold Sedar,
Fechas asociadas al nombre 1906-2001
Subdivisión general Criticism and interpretation.
650 #0 - PUNTO DE ACCESO ADICIONAL DE MATERIA--TÉRMINO DE MATERIA
Término de materia o nombre geográfico como elemento de entrada Authors, Senegalese
Subdivisión cronológica 20th century
Subdivisión general Criticism and interpretation.
650 #0 - PUNTO DE ACCESO ADICIONAL DE MATERIA--TÉRMINO DE MATERIA
Término de materia o nombre geográfico como elemento de entrada African poetry (French)
Subdivisión general History and criticism.
650 #0 - PUNTO DE ACCESO ADICIONAL DE MATERIA--TÉRMINO DE MATERIA
Término de materia o nombre geográfico como elemento de entrada Senegalese poetry (French)
Subdivisión general History and criticism.
650 #0 - PUNTO DE ACCESO ADICIONAL DE MATERIA--TÉRMINO DE MATERIA
Término de materia o nombre geográfico como elemento de entrada Negritude (Literary movement)
600 16 - PUNTO DE ACCESO ADICIONAL DE MATERIA--NOMBRE DE PERSONA
Nombre de persona Senghor, Leopold Sedar,
Fechas asociadas al nombre 1906-
Subdivisión general Critique et interpretation.
650 #6 - PUNTO DE ACCESO ADICIONAL DE MATERIA--TÉRMINO DE MATERIA
Término de materia o nombre geográfico como elemento de entrada Ecrivains senegalais
Subdivisión cronológica 20e siecle.
650 #6 - PUNTO DE ACCESO ADICIONAL DE MATERIA--TÉRMINO DE MATERIA
Término de materia o nombre geográfico como elemento de entrada Poesie africaine (francaise)
Subdivisión general Histoire et critique.
650 #6 - PUNTO DE ACCESO ADICIONAL DE MATERIA--TÉRMINO DE MATERIA
Término de materia o nombre geográfico como elemento de entrada Poesie senegalaise (francaise)
Subdivisión general Histoire et critique.
650 #6 - PUNTO DE ACCESO ADICIONAL DE MATERIA--TÉRMINO DE MATERIA
Término de materia o nombre geográfico como elemento de entrada Negritude.
600 17 - PUNTO DE ACCESO ADICIONAL DE MATERIA--NOMBRE DE PERSONA
Nombre de persona Senghor, Leopold Sedar.
Fuente del encabezamiento o término swd
700 1# - ENTRADA AGREGADA--NOMBRE PERSONAL
Nombre de persona Bourrel, Jean-Rene.
700 1# - ENTRADA AGREGADA--NOMBRE PERSONAL
Nombre de persona Giguet, Frederic.
710 2# - ENTRADA AGREGADA--NOMBRE DE ENTIDAD CORPORATIVA
Nombre de entidad corporativa o nombre de jurisdicción como elemento de entrada Association pour la diffusion de la pensee francaise.
710 1# - ENTRADA AGREGADA--NOMBRE DE ENTIDAD CORPORATIVA
Nombre de entidad corporativa o nombre de jurisdicción como elemento de entrada France.
Unidad subordinada Ministere des affaires etrangáeres.
776 08 - ENTRADA DE FORMULARIO FÍSICO ADICIONAL
Información de relación Online version:
Encabezamiento principal Brunel, Pierre.
Título Leopold Sâedar Senghor.
Lugar, editor y fecha de publicación Paris : Adpf, c2006
Número de control del registro (OCoLC)607787380
830 #0 - PUNTO DE ACCESO ADICIONAL DE SERIE-TÍTULO UNIFORME
Título uniforme Auteurs.
938 ## -
-- Aux Amateurs de Livres
-- AUXA
-- AAL0348387-0001
-- 20,00 EUR
938 ## -
-- Jean Touzot Libraire Editeur
-- TOUZ
-- JTL00179883
-- 20 EUR
942 ## - ELEMENTOS DE ENTRADA SECUNDARIOS (KOHA)
Fuente del sistema de clasificación o colocación Clasificación de Library of Congress
Tipo de ítem Koha
946 ## - PROCESAMIENTO DE INFORMACIÓN LOCAL (OCLC)
a FHM
994 ## -
-- C0
-- DRFGD
Holdings
Estatus retirado Estado de pérdida Fuente del sistema de clasificación o colocación Estado de daño No para préstamo Colección Biblioteca de origen Biblioteca actual Ubicación en estantería Fecha de adquisición Serial enumeration / chronology Signatura topográfica completa Código de barras Visto por última vez Copia número Tipo de ítem Koha
    Clasificación de Library of Congress     Humanidades Biblioteca Juan Bosch Biblioteca Juan Bosch Humanidades (4to. Piso) 10/04/2023 3 PQ3989.S47 B894l 2006 00000094052 25/10/2018 1